Pokémon fusionnés avec Lucario - Statistiques

Statistiques générales
  • Ce quiz a été pris 195 fois
  • Le résultat moyen est 11 sur 16
Statistiques - réponses
Par images Réponse % Correct
Bulbizarre
98%
Simiabraz
95%
Flagadoss
93%
Ptéra
93%
Métang
86%
Mélo
85%
Feuforêve
81%
Ceribou
78%
Denticrisse
65%
Déflaisan
62%
Sidérella
61%
Badabouin
58%
Beldeneige
48%
Candine
42%
Larvadar
36%
Armulys
28%
Aucun quiz correspondant
Distribution des résultats
% des personnes avec chaque résultat
Percentile par nombre de réponses
Votre historique - résultats
Vous n’avez pas pris ce quiz